000 00670nam a2200181Ia 4500
008 100921s9999 xx 000 0 und d
082 _b42332
_a891.463 न 07
100 _aनाईक संजय.
245 _aमाझं क ाय चुकलं ?.
260 _bमंगल दीप प्रकाशन, पुणे.
_c2007
300 _a200
_bकलाभारती वितरण,पुणे
365 _b180
520 _aललित-कादंबरी.
630 _aमाझं क ाय चुकलं ?.
650 _aललित-कादंबरी.
730 _aमाझं क ाय चुकलं ?.
942 _cBOOK
999 _c791445
_d791442